| 000 | 00819nam a2200325Ia 4500 | ||
|---|---|---|---|
| 008 | 160803s9999 xx 000 0 und d | ||
| 020 | _a978-0545248365 | ||
| 100 | _aKroll, Steven | ||
| 245 | 4 | _aThe biggest apple ever / | |
| 245 | _cby Steven Kroll ; illustrated by Jeni Bassett. | ||
| 250 | _a1st edition. | ||
| 260 | _aNew York : | ||
| 260 | _bScholastic Inc. | ||
| 260 | _c2011 | ||
| 300 | _a27 unnumbered pages : | ||
| 300 | _bcolor illustrations ; | ||
| 300 | _c21 cm. | ||
| 500 | _a"Cartwheel books." | ||
| 650 | _aApples -- | ||
| 650 | _aCooking (Apples) -- | ||
| 650 | _aCooperativeness -- | ||
| 650 | _aMice -- | ||
| 650 | _aSchools -- | ||
| 650 | _xFiction. | ||
| 650 | _xFiction. | ||
| 650 | _xFiction. | ||
| 650 | _xFiction. | ||
| 650 | _xFiction. | ||
| 700 | _a590 | ||
| 999 |
_c298370 _d298370 |
||